• 首页
  • 本馆介绍
  • 公告通知
  • 最新文献
  • 馆藏检索
  • 电子资源
  • 读者导购
  • 参考咨询
  • 我的图书馆
  • 登录
  • 详细信息显示
  • 放入我的书架
  • 预约/预借图书
  • 作者相关作品
  • 分类相关作品
  • 丛书相关作品
  • 出版社相关作品

书目信息

  • 表格格式
  • 工作单格式
  • 卡片格式
题名:
印度古代语言论集
    
 
作者: 季羡林
分册:  
出版信息: 北京   中国社会科学出版社  30042
页数: 138页
开本: 20cm
丛书名:
单 册:
中图分类: H711
科图分类:
主题词: 印度语支
电子资源:
ISBN:
000 00491nam0 2200181 450
001 0728815141
005 20070819080015.14
010    @d¥4.00
100    @a20070819d km y0chiy0120 ea
101 0  @achi
200 1  @a印度古代语言论集@Ayin du gu dai yu yan lun ji@f季羡林@Fji xian lin
210    @a北京@c中国社会科学出版社@d30042
215    @a138页@d20cm
606 0  @a印度语支
690    @aH711@v3
701  0 @a季羡林@Aji xian lin
801  0 @aCN@bPFT@c20070819
905    @a213230@dH711@eZW23@f1
    
    印度古代语言论集/季羡林.-北京:中国社会科学出版社,30042
    138页;20cm
    
    
    ISBN :¥4.00
    
●
相关链接 在E读中查询图书 在五车中查询图书 在当当中查询图书 在豆瓣中查询图书


正题名:印度古代语言论集     索取号:H711/ZW23         预约/预借

序号 登录号 条形码 馆藏地/架位号 状态 备注
1 7604433   276044335   密集书库-文学院/ [索取号:H711/ZW23] 在馆    
唐山师范学院图书馆 欢迎您!
大连网信软件有限公司© 版权所有